000
00204 a2200097 4500
001
48372
100
_a
Mowat, F
245
_a
Ordeal by Ice
260
_a
London
_b
Michael Joseph
_c
090
_c
31313
_d
31313
942
_a
NUST-CAE
_c
M
_c
23685
999
_c
283445
_d
283445